[Event "Neukoelln - Wattenscheid"]
[Site "BL 0203"]
[Date "2002.11.16"]
[Round "3.4"]
[White "Berndt, Stephan"]
[Black "Appel, Ralf"]
[Result "1/2-1/2"]
[WhiteElo "2482"]
[BlackElo "2503"]
[PlyCount "135"]
[EventDate "2002.??.??"]

1. e4 Nf6 2. e5 Nd5 3. d4 d6 4. Nf3 c6 5. Be2 dxe5 6. Nxe5 Nd7 7. Nxd7 Qxd7 8.
O-O g6 9. c4 Nf6 10. Nc3 Bg7 11. Bf4 O-O 12. Qd2 Rd8 13. Rad1 Qe8 14. Bc7 Rd7
15. Qf4 b6 16. Rfe1 Bb7 17. h4 Qf8 18. Be5 Rad8 19. Qg3 h5 20. Bf3 Kh7 21. Bc7
Rc8 22. Be5 Rcd8 23. Bc7 Rc8 24. Be5 Qd8 25. b4 Ba6 26. Be2 e6 27. Qf4 Kg8 28.
a3 Kh7 29. g3 Kg8 30. Kh2 Qe7 31. Kg1 Rcd8 32. Bf1 Ng4 33. Bxg7 Kxg7 34. d5
cxd5 35. cxd5 e5 36. Qe4 Qf6 37. Rd2 Rc8 38. Nb5 Bb7 39. f3 Nh6 40. Qxe5 Nf5
41. Kg2 a6 42. Na7 Rc3 43. Qxf6+ Kxf6 44. Rd3 Rxd3 45. Bxd3 Rxd5 46. Bxf5 gxf5
47. Re3 Rd2+ 48. Kf1 Rd4 49. b5 a5 50. Rc3 f4 51. gxf4 Rxf4 52. Kf2 Rxh4 53.
Nc8 Rh2+ 54. Kg3 Rb2 55. a4 Bxc8 56. Rxc8 Rb4 57. Rc6+ Kg5 58. Rxb6 h4+ 59. Kf2
Rxa4 60. Rc6 Rb4 61. b6 f5 62. Rc5 a4 63. Ra5 Kf4 64. Kg2 Rb2+ 65. Kh3 Rxb6 66.
Rxa4+ Kxf3 67. Kxh4 Re6 68. Kg5 1/2-1/2

[Event "Neukoelln - Wattenscheid"]
[Site "BL 0203"]
[Date "2002.11.16"]
[Round "3.5"]
[White "Handke, Florian"]
[Black "Polzin, Rainer"]
[Result "1-0"]
[WhiteElo "2504"]
[BlackElo "2462"]
[PlyCount "79"]
[EventDate "2002.??.??"]

1. e4 c5 2. Nf3 d6 3. d4 cxd4 4. Nxd4 Nf6 5. Nc3 g6 6. Be3 Bg7 7. f3 Nc6 8. Qd2
O-O 9. O-O-O d5 10. exd5 Nxd5 11. Nxc6 bxc6 12. Bd4 e5 13. Bc5 Re8 14. Ne4 Qc7
15. h4 Rd8 16. h5 f5 17. hxg6 fxe4 18. fxe4 Be6 19. exd5 cxd5 20. Ba3 hxg6 21.
g4 e4 22. Qg5 Qf7 23. Qh4 Be5 24. Be2 Qg7 25. g5 a5 26. Bg4 Bf5 27. Rdf1 Rf8
28. Bxf5 Rxf5 29. Rxf5 gxf5 30. Qh5 Rb8 31. b3 Rc8 32. g6 Qc7 33. Bc5 Qd7 34.
g7 Qxg7 35. Rg1 Bg3 36. Bd4 Qxd4 37. Rxg3+ Kf8 38. Qxf5+ Ke7 39. Qxc8 Qa1+ 40.
Kd2 1-0

[Event "Neukoelln - Wattenscheid"]
[Site "BL 0203"]
[Date "2002.11.16"]
[Round "3.6"]
[White "Borriss, Martin Dr"]
[Black "Holzke, Frank"]
[Result "1-0"]
[WhiteElo "2442"]
[BlackElo "2479"]
[PlyCount "59"]
[EventDate "2002.??.??"]

1. e4 e5 2. Nf3 Nc6 3. Bb5 a6 4. Ba4 Nf6 5. O-O Nxe4 6. d4 b5 7. Bb3 d5 8. dxe5
Be6 9. Nbd2 Nc5 10. c3 d4 11. Ng5 Qxg5 12. Qf3 O-O-O 13. Bxe6+ fxe6 14. Qxc6
Qxe5 15. b4 dxc3 16. bxc5 cxd2 17. Qxa6+ Kd7 18. Bxd2 Qxc5 19. Be3 Qc6 20. Qa7
Ra8 21. Rfd1+ Kc8 22. Qd4 Ba3 23. Qxg7 Kb7 24. g3 Rhg8 25. Qxh7 Bb2 26. Rab1
Rh8 27. Qd7 Qxd7 28. Rxd7 Be5 29. Re7 Kc6 30. Rc1+ 1-0

[Event "Neukoelln - Wattenscheid"]
[Site "BL 0203"]
[Date "2002.11.16"]
[Round "3.7"]
[White "Ellers, Holger"]
[Black "Poldauf, Dirk"]
[Result "1-0"]
[WhiteElo "2425"]
[BlackElo "2410"]
[PlyCount "161"]
[EventDate "2002.??.??"]

1. d4 Nf6 2. Nf3 g6 3. g3 Bg7 4. Bg2 O-O 5. O-O d6 6. c4 Nbd7 7. Nc3 e5 8. e4
exd4 9. Nxd4 Re8 10. h3 Nc5 11. Re1 a5 12. b3 h6 13. Rb1 Nh7 14. Re2 c6 15. Kh2
Qf6 16. Be3 Ng5 17. Qc2 Nce6 18. Rd2 Nc5 19. f4 Nh7 20. Rbd1 Qe7 21. Nde2 Bf8
22. Bd4 f5 23. e5 dxe5 24. Bxe5 Qf7 25. Nd4 Rd8 26. Nf3 Rxd2 27. Rxd2 Be6 28.
Bd6 Bxd6 29. Rxd6 Qe7 30. Qd1 Nd7 31. Qd4 Nhf8 32. Ne5 Nxe5 33. Qxe5 Kf7 34.
Rd1 Nd7 35. Qd4 Qc5 36. Ne2 Qxd4 37. Nxd4 Nc5 38. Nf3 Nd7 39. Kg1 a4 40. Rd2
axb3 41. axb3 Ra1+ 42. Kf2 Rb1 43. Nd4 Nc5 44. Re2 Bc8 45. Re3 Bd7 46. h4 Kf6
47. Bf3 Be6 48. Rc3 Rb2+ 49. Ke1 Bf7 50. Kd1 Rf2 51. Ke1 Ra2 52. Kd1 Ra8 53.
Kc2 Rd8 54. Ne2 Na6 55. Re3 b5 56. Kc3 Rd6 57. Re5 bxc4 58. bxc4 c5 59. Nc1 Rd4
60. Rxc5 Nxc5 61. Kxd4 Ne6+ 62. Kc3 g5 63. Nd3 Be8 64. Bd5 Ng7 65. Nc1 Kg6 66.
hxg5 hxg5 67. Kd4 gxf4 68. gxf4 Kf6 69. Nd3 Ba4 70. Bg8 Nh5 71. Ke3 Bc2 72. Nb4
Be4 73. Bd5 Bb1 74. c5 Ke7 75. Nc6+ Kd7 76. Na7 Nf6 77. Kd4 Nh5 78. c6+ Kc7 79.
Nb5+ Kd8 80. c7+ Kc8 81. Be6+ 1-0

[Event "Neukoelln - Wattenscheid"]
[Site "BL 0203"]
[Date "2002.11.16"]
[Round "3.8"]
[White "Rudolf, Henrik"]
[Black "Straeter, Timo"]
[Result "1/2-1/2"]
[WhiteElo "2348"]
[BlackElo "2329"]
[PlyCount "95"]
[EventDate "2002.??.??"]

1. e4 e5 2. Nf3 Nc6 3. Bb5 a6 4. Ba4 d6 5. O-O Bd7 6. c3 Nge7 7. d4 Ng6 8. Re1
Be7 9. Nbd2 h6 10. Nf1 Bg5 11. Ne3 Bxe3 12. Bxe3 O-O 13. a3 Nh4 14. Nxh4 Qxh4
15. Bc2 Kh8 16. dxe5 Nxe5 17. f3 Rae8 18. Bf2 Qh5 19. a4 f5 20. exf5 Bxf5 21.
Bg3 Nxf3+ 22. Qxf3 Qxf3 23. gxf3 Bxc2 24. Rxe8 Rxe8 25. a5 Kg8 26. Re1 Rxe1+
27. Bxe1 Kf7 28. Kf2 Ke6 29. Ke3 Kd5 30. b4 Kc4 31. Kd2 Bf5 32. f4 b6 33. Bh4
bxa5 34. bxa5 d5 35. Be7 Kb5 36. Bb4 c5 37. Ba3 g6 38. h4 Kxa5 39. Bxc5 Kb5 40.
Bf8 Kc4 41. Bxh6 a5 42. Bf8 a4 43. Be7 Kb3 44. Bf6 Kc4 45. Be7 Bd7 46. Kc2 Bb5
47. Kb2 Kd3 48. Bf6 1/2-1/2

[Event "Hamburg - Plauen"]
[Site "BL 0203"]
[Date "2002.11.16"]
[Round "3.1"]
[White "Bischoff, Klaus"]
[Black "Dorfman, Jossif D"]
[Result "1/2-1/2"]
[WhiteElo "2554"]
[BlackElo "2617"]
[PlyCount "67"]
[EventDate "2002.??.??"]

1. d4 d5 2. c4 c6 3. Nf3 Nf6 4. e3 a6 5. Nbd2 Bf5 6. Be2 e6 7. b3 Bb4 8. Bb2
Ne4 9. a3 Nc3 10. Bxc3 Bxc3 11. Ra2 Nd7 12. O-O O-O 13. Qc1 Ba5 14. Qb2 Bc7 15.
Rc1 Re8 16. b4 e5 17. cxd5 cxd5 18. Nb3 e4 19. Nfd2 b6 20. Nf1 Nf6 21. Nbd2 Bd6
22. Qb3 Bd7 23. Nb1 Qb8 24. Nc3 Qb7 25. Qd1 g6 26. Nd2 h5 27. Rac2 Kg7 28. Rb1
Rec8 29. Nb3 Qb8 30. h3 Qb7 31. Nc5 bxc5 32. bxc5 Qc7 33. cxd6 Qxd6 34. Rb3
1/2-1/2

[Event "Hamburg - Plauen"]
[Site "BL 0203"]
[Date "2002.11.16"]
[Round "3.2"]
[White "Ftacnik, Lubomir"]
[Black "Kindermann, Stefan"]
[Result "1/2-1/2"]
[WhiteElo "2603"]
[BlackElo "2519"]
[PlyCount "60"]
[EventDate "2002.??.??"]

1. d4 f5 2. g3 Nf6 3. Bg2 g6 4. b3 Bg7 5. Bb2 O-O 6. Nd2 d6 7. Nh3 c6 8. O-O
Nbd7 9. Nf4 Nb6 10. e4 e5 11. dxe5 Ng4 12. Nd3 Nxe5 13. Nxe5 Bxe5 14. Bxe5 dxe5
15. Qe1 f4 16. Nf3 Qf6 17. Qc3 Re8 18. a4 Bg4 19. h3 Bxf3 20. Bxf3 Rad8 21.
Rad1 Rd4 22. a5 Nd7 23. Be2 Rf8 24. gxf4 Qxf4 25. Rxd4 exd4 26. Qxd4 Ne5 27.
Qxa7 Qg5+ 28. Kh2 Qf4+ 29. Kg1 Qg5+ 30. Kh2 Qf4+ 1/2-1/2

[Event "Hamburg - Plauen"]
[Site "BL 0203"]
[Date "2002.11.16"]
[Round "3.3"]
[White "Espig, Lutz"]
[Black "Kempinski, Robert"]
[Result "1/2-1/2"]
[WhiteElo "2425"]
[BlackElo "2532"]
[PlyCount "68"]
[EventDate "2002.??.??"]

1. Nf3 Nf6 2. c4 g6 3. b4 Bg7 4. Bb2 O-O 5. e3 d6 6. Be2 e5 7. d3 Re8 8. O-O a5
9. a3 e4 10. dxe4 Nxe4 11. Bxg7 Kxg7 12. Qd4+ Qf6 13. Qxf6+ Kxf6 14. Nfd2 Nxd2
15. Nxd2 axb4 16. axb4 Rxa1 17. Rxa1 Na6 18. b5 Nc5 19. Ra8 Bd7 20. Rxe8 Bxe8
21. f4 c6 22. bxc6 Bxc6 23. Kf2 d5 24. Bf3 Ke6 25. cxd5+ Bxd5 26. e4 Bc6 27.
Ke3 Ke7 28. g3 h6 29. h4 b5 30. h5 gxh5 31. Bxh5 f6 32. Bg4 Bd7 33. Be2 Kd6 34.
Kd4 Ne6+ 1/2-1/2

[Event "Hamburg - Plauen"]
[Site "BL 0203"]
[Date "2002.11.16"]
[Round "3.4"]
[White "Gustafsson, Jan"]
[Black "Brendel, Oliver"]
[Result "1-0"]
[WhiteElo "2554"]
[BlackElo "2378"]
[PlyCount "91"]
[EventDate "2002.??.??"]

1. d4 Nf6 2. Nf3 g6 3. c4 Bg7 4. Nc3 d5 5. Bg5 Ne4 6. cxd5 Nxg5 7. Nxg5 e6 8.
Qd2 h6 9. Nf3 exd5 10. e3 O-O 11. Bd3 Be6 12. h3 Nd7 13. Ne2 c5 14. O-O c4 15.
Bc2 b5 16. Nf4 Qb6 17. Rfe1 Rad8 18. a4 b4 19. a5 Qd6 20. Nxe6 fxe6 21. Bxg6 e5
22. Bh5 e4 23. Nh4 Rf6 24. f4 exf3 25. Nxf3 Re6 26. Bg4 Ree8 27. Nh4 b3 28. Rf1
Qe7 29. Nf5 Qg5 30. Rf4 Nf6 31. Raf1 Ne4 32. Qb4 Rb8 33. Qa4 c3 34. Bf3 cxb2
35. Nxg7 Nd2 36. Nxe8 Nxf1 37. Bxd5+ Qxd5 38. Nf6+ Kh8 39. Rxf1 Qe6 40. Qd7
Qxe3+ 41. Kh2 b1=Q 42. Qc7 Rf8 43. Qd6 Qg3+ 44. Kxg3 Qg6+ 45. Kh2 Rg8 46. Rf2
1-0

[Event "Hamburg - Plauen"]
[Site "BL 0203"]
[Date "2002.11.16"]
[Round "3.5"]
[White "Haskamp, Stefan"]
[Black "Wahls, Matthias"]
[Result "0-1"]
[WhiteElo "2318"]
[BlackElo "2539"]
[PlyCount "52"]
[EventDate "2002.??.??"]

1. e4 c5 2. Nc3 a6 3. g3 b5 4. Bg2 Bb7 5. d3 d6 6. Be3 Nc6 7. e5 dxe5 8. Bxc5
Nf6 9. Nf3 Nd7 10. Ne4 f5 11. Nfg5 fxe4 12. Ne6 Qa5+ 13. b4 Nxb4 14. O-O Rc8
15. a3 Nd5 16. d4 Nc7 17. Bh3 Nxe6 18. Bxe6 Rc6 19. Qh5+ g6 20. Bxd7+ Kxd7 21.
Qxe5 Rf6 22. d5 Rg8 23. Rad1 Qc7 24. d6 Rxd6 25. Bxd6 exd6 26. Qf6 Qc4 0-1

[Event "Hamburg - Plauen"]
[Site "BL 0203"]
[Date "2002.11.16"]
[Round "3.6"]
[White "Mueller, Karsten"]
[Black "Dirr, Ulrich"]
[Result "1-0"]
[WhiteElo "2518"]
[BlackElo "2322"]
[PlyCount "61"]
[EventDate "2002.??.??"]

1. e4 e6 2. d4 d5 3. Nc3 Bb4 4. exd5 exd5 5. Bd3 Nc6 6. a3 Bxc3+ 7. bxc3 Nf6 8.
Ne2 O-O 9. O-O Na5 10. Ng3 Re8 11. Bg5 h6 12. Bf4 Nc4 13. Qc1 Nd6 14. f3 Re6
15. Be5 Nh7 16. Nh5 f6 17. Bf4 g5 18. Bxd6 Rxd6 19. Re1 Nf8 20. c4 Re6 21. cxd5
Qxd5 22. Qb2 Rd6 23. Re7 g4 24. fxg4 Bxg4 25. Rg7+ Kh8 26. Rxg4 Qxh5 27. h3 b6
28. Rf1 Re8 29. Qc1 Rde6 30. Qf4 c5 31. d5 1-0

[Event "Hamburg - Plauen"]
[Site "BL 0203"]
[Date "2002.11.16"]
[Round "3.8"]
[White "Michaelsen, Nils"]
[Black "Hilbig, Olaf"]
[Result "1-0"]
[WhiteElo "2440"]
[BlackElo "2217"]
[PlyCount "79"]
[EventDate "2002.??.??"]

1. d4 Nf6 2. c4 g6 3. Nc3 Bg7 4. e4 d6 5. f4 O-O 6. Nf3 Nbd7 7. Bd3 c5 8. d5
Re8 9. O-O e6 10. dxe6 Rxe6 11. f5 Re8 12. Bg5 Qb6 13. Qd2 Qb4 14. Rac1 a6 15.
Kh1 Rb8 16. a3 Qa5 17. Bb1 b5 18. fxg6 hxg6 19. Qxd6 Re6 20. Qd2 bxc4 21. Bf4
Rb7 22. Ba2 Nb6 23. Ng5 Rd7 24. Qe2 Re8 25. Bxc4 Nxc4 26. Qxc4 Rf8 27. e5 Rd4
28. Qe2 Nh5 29. Be3 Rh4 30. Qf2 Rxh2+ 31. Kxh2 Bxe5+ 32. Kg1 Qc7 33. Nf3 Bg3
34. Qd2 Rd8 35. Nd5 Qd6 36. Rfd1 Re8 37. Bxc5 Qd7 38. Bf2 Qg4 39. Bxg3 Nxg3 40.
Nf6+ 1-0

[Event "Luebeck - Erfurt"]
[Site "BL 0203"]
[Date "2002.11.16"]
[Round "3.1"]
[White "Haba, Petr"]
[Black "Epishin, Vladimir"]
[Result "1/2-1/2"]
[WhiteElo "2534"]
[BlackElo "2628"]
[PlyCount "45"]
[EventDate "2002.??.??"]

1. e4 c5 2. Nf3 e6 3. d4 cxd4 4. Nxd4 a6 5. Nc3 b5 6. Bd3 Qb6 7. Be3 Bc5 8. Be2
Nc6 9. Nxc6 Qxc6 10. Qd3 Bxe3 11. Qxe3 Ne7 12. Qd4 O-O 13. a4 bxa4 14. O-O Rb8
15. Rfb1 f5 16. Bd3 fxe4 17. Qxe4 Qxe4 18. Nxe4 Nd5 19. c3 Nb6 20. Nd6 Bb7 21.
Nxb7 Rxb7 22. Bxa6 Ra7 23. Bb5 1/2-1/2

[Event "Luebeck - Erfurt"]
[Site "BL 0203"]
[Date "2002.11.16"]
[Round "3.2"]
[White "Fressinet, Laurent"]
[Black "Kuczynski, Robert"]
[Result "1/2-1/2"]
[WhiteElo "2619"]
[BlackElo "2490"]
[PlyCount "100"]
[EventDate "2002.??.??"]

1. e4 c5 2. Nf3 d6 3. d4 cxd4 4. Nxd4 Nf6 5. Nc3 a6 6. Be3 e5 7. Nb3 Be7 8. f3
Be6 9. Qd2 O-O 10. O-O-O Nbd7 11. g4 Qc7 12. g5 Nh5 13. Kb1 b5 14. Nd5 Bxd5 15.
exd5 Nb6 16. Na5 Nxd5 17. Qxd5 Qxa5 18. c4 Rab8 19. Bd3 Qb4 20. Rd2 bxc4 21.
Bxc4 a5 22. Ka1 Rbc8 23. Ba6 Nf4 24. Qe4 Rc7 25. h4 Rb8 26. Qxb4 Rxb4 27. a3
Rb3 28. Bxf4 exf4 29. Bd3 g6 30. Ka2 Rb8 31. Re1 h6 32. h5 hxg5 33. hxg6 Bf6
34. gxf7+ Kxf7 35. Be4 Rc5 36. Ree2 Rb6 37. Rd5 Rxd5 38. Bxd5+ Kg7 39. Rc2 Rb5
40. Be4 Be5 41. b3 Rb8 42. Rh2 Rc8 43. b4 axb4 44. axb4 Rc4 45. Rh7+ Kf8 46.
Rf7+ Ke8 47. Bg6 Kd8 48. b5 Rb4 49. Bd3 Bd4 50. Rf5 Kc7 1/2-1/2

[Event "Luebeck - Erfurt"]
[Site "BL 0203"]
[Date "2002.11.16"]
[Round "3.5"]
[White "Enders, Peter"]
[Black "Hansen, Lars Bo"]
[Result "0-1"]
[WhiteElo "2524"]
[BlackElo "2574"]
[PlyCount "100"]
[EventDate "2002.??.??"]

1. e4 c6 2. d4 d5 3. Nc3 dxe4 4. Nxe4 Bf5 5. Ng3 Bg6 6. h4 h6 7. Nf3 Nd7 8. h5
Bh7 9. Bd3 Bxd3 10. Qxd3 e6 11. Bf4 Bb4+ 12. Kf1 Ngf6 13. Rd1 Be7 14. c4 O-O
15. b3 a5 16. a4 Qb6 17. Qc2 Qa6 18. Ne5 Rad8 19. Ne2 Nxe5 20. Bxe5 Ng4 21. Bf4
c5 22. d5 Nf6 23. dxe6 Qxe6 24. Re1 Bd6 25. Ng3 Qxe1+ 26. Kxe1 Bxf4 27. Ke2
Bxg3 28. fxg3 Rfe8+ 29. Kf3 Rd6 30. Rh4 b6 31. Kf2 Re5 32. g4 Ne4+ 33. Kg1 Ng5
34. Rh1 Rde6 35. Kh2 Nf3+ 36. gxf3 Re2+ 37. Qxe2 Rxe2+ 38. Kg3 Rb2 39. Rd1 Rxb3
40. Rd8+ Kh7 41. Rd7 f6 42. Rb7 Rb4 43. Kf2 Rxc4 44. Rxb6 Rxa4 45. Rb5 Ra2+ 46.
Ke3 Ra3+ 47. Ke4 c4 48. Rc5 c3 49. f4 Rb3 50. Rxa5 Rb4+ 0-1

[Event "Luebeck - Erfurt"]
[Site "BL 0203"]
[Date "2002.11.16"]
[Round "3.6"]
[White "Conquest, Stuart"]
[Black "Brueggemann, Joachim"]
[Result "1/2-1/2"]
[WhiteElo "2537"]
[BlackElo "2412"]
[PlyCount "262"]
[EventDate "2002.??.??"]

1. d4 Nf6 2. c4 e6 3. Nc3 Bb4 4. e3 d6 5. Nge2 O-O 6. a3 Bxc3+ 7. Nxc3 e5 8.
Be2 a5 9. O-O Nc6 10. b3 Re8 11. d5 Ne7 12. Bb2 Ng6 13. Rc1 b6 14. b4 axb4 15.
axb4 Bd7 16. f3 h6 17. Qd2 Qe7 18. Kh1 Nh7 19. Bd3 Nhf8 20. Qc2 Qh4 21. g3 Qd8
22. Rce1 Qc8 23. e4 Nh7 24. Nd1 c5 25. b5 Qd8 26. Ne3 Nf6 27. Ra1 Qc7 28. Qc3
Qb7 29. Rae1 Qa7 30. Qc1 Qa5 31. Bc3 Qa3 32. Qd2 Qa7 33. Rg1 Nh7 34. f4 Qc7 35.
Ref1 Ra7 36. h4 f6 37. Rf2 Rea8 38. Bb1 Ra4 39. Qd1 Ra3 40. Bd2 Qd8 41. Bc1
R3a4 42. Bd3 Nhf8 43. Rfg2 Qe7 44. Nc2 Nh7 45. Rh2 Nh8 46. Qh5 Nf7 47. Rf2 Be8
48. Qd1 Bd7 49. Ne1 Ra1 50. Nc2 R1a2 51. Bd2 Kf8 52. Bc3 Ke8 53. Qh5 Nf8 54.
Rff1 Kd8 55. Ne3 R2a3 56. Rc1 Kc7 57. f5 Nd8 58. Qf3 Nb7 59. Rc2 Qe8 60. Be2
Na5 61. Bb2 Ra4 62. Nf1 Ra2 63. Nd2 Nh7 64. Bd3 Nb7 65. Nb3 Qf7 66. Rf2 Qe8 67.
Qd1 Nd8 68. Rgg2 R2a4 69. Bc3 Ra3 70. Kh2 Nb7 71. Rb2 Qf7 72. Qb1 g5 73. Be2
Be8 74. Qd1 Kb8 75. Bd2 Nd8 76. Kg1 R8a4 77. Rh2 Qg7 78. Kh1 Nf7 79. Be1 g4 80.
Nc1 h5 81. Bd3 Nd8 82. Qd2 Nf8 83. Na2 Nd7 84. Nc3 Ra8 85. Re2 Nf7 86. Kg2 Qh6
87. Qc2 Qf8 88. Bd2 Qe7 89. Bc1 Qd8 90. Rb1 R3a5 91. Bb2 Qc7 92. Ree1 Qb7 93.
Ra1 Rxa1 94. Bxa1 Kc7 95. Bb2 Nf8 96. Rb1 Bd7 97. Qc1 Ra5 98. Bc2 Qa8 99. Kg1
Bc8 100. Qd1 Bb7 101. Na4 Nd7 102. Bc3 Ra7 103. Ra1 Kb8 104. Ra3 Kc7 105. Qa1
Kb8 106. Kf2 Bc8 107. Ra2 Bb7 108. Bb3 Bc8 109. Qb1 Bb7 110. Bd2 Bc8 111. Nc3
Rxa2 112. Bxa2 Bb7 113. Bb3 Kc7 114. Na4 Qd8 115. Qc1 Qf8 116. Bc2 Kb8 117. Nc3
Kc7 118. Qa3 Qa8 119. Na4 Kb8 120. Ke1 Kc7 121. Kd1 Kc8 122. Kc1 Kb8 123. Kb2
Kc8 124. Qc3 Kc7 125. Bd1 Qd8 126. Qc2 Qf8 127. Kc3 Ba8 128. Be2 Bb7 129. Nb2
Ba8 130. Nd3 Bb7 131. Qa2 Qa8 1/2-1/2

[Event "Luebeck - Erfurt"]
[Site "BL 0203"]
[Date "2002.11.16"]
[Round "3.7"]
[White "Troyke, Christian"]
[Black "Hector, Jonny"]
[Result "0-1"]
[WhiteElo "2351"]
[BlackElo "2590"]
[PlyCount "102"]
[EventDate "2002.??.??"]

1. g3 e5 2. c4 Nf6 3. Bg2 Nc6 4. Nf3 Bc5 5. O-O d6 6. Nc3 a6 7. d3 Ba7 8. Rb1
h6 9. Ne1 O-O 10. Nc2 Be6 11. Nd5 Nh7 12. e4 f5 13. exf5 Bxf5 14. Be3 Nd4 15.
Bxd4 exd4 16. Re1 Rf7 17. Be4 Bxe4 18. dxe4 Ng5 19. f4 d3+ 20. Nce3 Nxe4 21.
Qxd3 Nc5 22. Qc2 c6 23. Nc3 Ne6 24. Kg2 Qd7 25. Rbd1 Re8 26. Qd2 b5 27. Nc2 Bb8
28. Ne4 bxc4 29. Nxd6 Nxf4+ 30. gxf4 Qg4+ 31. Kh1 Qf3+ 32. Qg2 Rxe1+ 33. Rxe1
Qxg2+ 34. Kxg2 Bxd6 35. Re6 Bxf4 36. Na3 c3 37. bxc3 Rf5 38. Re4 Rg5+ 39. Kh1
Bd6 40. Ra4 a5 41. Nc4 Bc7 42. Nd2 Rb5 43. Nb3 Re5 44. Nd4 Rh5 45. Nxc6 Rc5 46.
Nd4 Rxc3 47. Kg2 g5 48. h4 gxh4 49. Ne2 h3+ 50. Kf2 Bb6+ 51. Ke1 Rf3 0-1

[Event "Luebeck - Erfurt"]
[Site "BL 0203"]
[Date "2002.11.16"]
[Round "3.8"]
[White "Agdestein, Simen"]
[Black "Fiedler, Torsten"]
[Result "1-0"]
[WhiteElo "2578"]
[BlackElo "2286"]
[PlyCount "91"]
[EventDate "2002.??.??"]

1. e4 e5 2. Nf3 Nc6 3. Bb5 a6 4. Ba4 Nf6 5. O-O Nxe4 6. d4 b5 7. Bb3 d5 8. dxe5
Be6 9. Nbd2 Be7 10. c3 Nc5 11. Bc2 d4 12. cxd4 Nxd4 13. Nxd4 Qxd4 14. Nf3 Qxd1
15. Rxd1 Rd8 16. Nd4 Bg4 17. f3 Bd7 18. Be3 g6 19. Rac1 Ne6 20. Bb3 Rc8 21.
Bxe6 fxe6 22. Nc6 Bd8 23. Bh6 Rg8 24. f4 g5 25. Nxd8 Kxd8 26. Bxg5+ Ke8 27. Rc5
a5 28. Rd3 c6 29. Bh4 a4 30. Be1 Rg4 31. g3 Rc7 32. Ba5 Ra7 33. Bb4 h5 34. Kf2
Kf7 35. h3 Rg8 36. Rd6 Rc8 37. a3 Be8 38. f5 exf5 39. e6+ Kf6 40. Kf3 h4 41.
Kf4 hxg3 42. Rxf5+ Kg7 43. Bc3+ Kh7 44. Rf8 Re7 45. Rh8+ Kg6 46. h4 1-0

[Event "Tegernsee - Porz"]
[Site "BL 0203"]
[Date "2002.11.16"]
[Round "3.1"]
[White "Lutz, Christopher"]
[Black "Khenkin, Igor"]
[Result "1/2-1/2"]
[WhiteElo "2645"]
[BlackElo "2603"]
[PlyCount "83"]
[EventDate "2002.11.16"]

1. e4 c6 2. d4 d5 3. Nd2 dxe4 4. Nxe4 Bf5 5. Ng3 Bg6 6. h4 h6 7. Nf3 Nd7 8. h5
Bh7 9. Bd3 Bxd3 10. Qxd3 e6 11. Bf4 Ngf6 12. O-O-O Be7 13. Kb1 O-O 14. Ne4 Nxe4
15. Qxe4 Nf6 16. Qe2 Qd5 17. Ne5 Qe4 18. Qxe4 Nxe4 19. Rhe1 Nf6 20. g4 Rfd8 21.
f3 c5 22. dxc5 Bxc5 23. c4 Bf2 24. Rf1 Bd4 25. Rd3 Bxe5 26. Rxd8+ Rxd8 27. Bxe5
Nh7 28. b3 f6 29. Bf4 f5 30. Re1 fxg4 31. fxg4 Nf6 32. Rxe6 Kf7 33. Re5 Nxg4
34. Rb5 Rd7 35. a4 a6 36. Rc5 g5 37. hxg6+ Kxg6 38. b4 Nf2 39. Rc8 h5 40. b5
axb5 41. axb5 h4 42. Rh8 1/2-1/2

[Event "Tegernsee - Porz"]
[Site "BL 0203"]
[Date "2002.11.16"]
[Round "3.2"]
[White "Sokolov, Andrei"]
[Black "Khalifman, Alexander"]
[Result "1/2-1/2"]
[WhiteElo "2587"]
[BlackElo "2690"]
[PlyCount "60"]
[EventDate "2002.11.16"]

1. e4 c5 2. Nf3 d6 3. d4 cxd4 4. Nxd4 Nf6 5. Nc3 Nc6 6. Bc4 Qb6 7. Nb3 e6 8.
O-O Be7 9. Be3 Qc7 10. f4 a6 11. Bd3 b5 12. Qf3 Bb7 13. Qh3 O-O 14. Nd2 Nb4 15.
a3 Nxd3 16. cxd3 a5 17. Rfc1 Qd7 18. a4 Bc6 19. axb5 Bxb5 20. Bd4 a4 21. Kh1
Rfc8 22. Qf3 Rab8 23. h3 h6 24. Kh2 Qb7 25. Nxb5 Rxc1 26. Rxc1 Qxb5 27. Rc7 Bd8
28. Rc2 Be7 29. Rc7 Bd8 30. Rc2 Be7 1/2-1/2

[Event "Tegernsee - Porz"]
[Site "BL 0203"]
[Date "2002.11.16"]
[Round "3.3"]
[White "Sokolov, Ivan"]
[Black "Ribli, Zoltan"]
[Result "1/2-1/2"]
[WhiteElo "2684"]
[BlackElo "2574"]
[PlyCount "70"]
[EventDate "2002.11.16"]

1. d4 Nf6 2. c4 e6 3. Nc3 Bb4 4. Qc2 d5 5. a3 Bxc3+ 6. Qxc3 Ne4 7. Qc2 c5 8.
dxc5 Nc6 9. e3 Qa5+ 10. Bd2 Nxd2 11. Qxd2 dxc4 12. Bxc4 Qxc5 13. Rc1 Qg5 14. f4
Qh4+ 15. Qf2 Qxf2+ 16. Kxf2 Ke7 17. Nf3 Bd7 18. b4 Rac8 19. g4 h6 20. h4 Rc7
21. Be2 Rhc8 22. g5 Nd8 23. Rxc7 Rxc7 24. Ne5 Be8 25. Rd1 hxg5 26. fxg5 f6 27.
gxf6+ gxf6 28. Nc4 Nf7 29. h5 Ng5 30. Rd4 e5 31. Rh4 Bf7 32. h6 Bg6 33. a4 Kf8
34. Ke1 Bh7 35. a5 Ke7 1/2-1/2

[Event "Tegernsee - Porz"]
[Site "BL 0203"]
[Date "2002.11.16"]
[Round "3.4"]
[White "Boensch, Uwe"]
[Black "Vaganian, Rafael"]
[Result "1-0"]
[WhiteElo "2540"]
[BlackElo "2667"]
[PlyCount "153"]
[EventDate "2002.11.16"]

1. d4 d5 2. c4 e6 3. Nc3 Be7 4. Nf3 Nf6 5. Bg5 h6 6. Bxf6 Bxf6 7. e3 O-O 8. Qb3
c6 9. Rd1 a6 10. a3 Nd7 11. Bd3 b5 12. cxb5 cxb5 13. Bb1 g6 14. e4 dxe4 15.
Nxe4 Bb7 16. O-O Bg7 17. Rfe1 Rc8 18. Qe3 Nb6 19. h4 Nc4 20. Qe2 Bd5 21. h5 g5
22. Ne5 Nxe5 23. dxe5 Bxe5 24. b4 Re8 25. Nc5 Bg7 26. Ba2 Rf8 27. Rd3 Qd6 28.
Qd1 Rfe8 29. Rf1 Qf4 30. Bxd5 exd5 31. Rxd5 Bf8 32. g3 Qc4 33. Nd7 Re6 34. Qf3
Rce8 35. Kg2 Bg7 36. Nc5 Rf6 37. Qd3 Qxd3 38. Rxd3 Re2 39. Nd7 Rc6 40. Nb8 Rce6
41. Rfd1 Be5 42. Nd7 Kg7 43. Rf3 Rd6 44. Rfd3 Re6 45. Rd5 Bc7 46. R1d3 Bb6 47.
Rf5 Ba7 48. Rdf3 Re7 49. Nf6 Rd2 50. Ng4 Rd6 51. Ne5 f6 52. Ng4 Bd4 53. Rd3
Red7 54. Rd2 Bb6 55. Re2 Bd8 56. Rf3 Bb6 57. Re8 Bd4 58. Rc8 Kh7 59. Ra8 Kg7
60. Ne3 Bxe3 61. Rxe3 Rc7 62. Ree8 Kf7 63. Rh8 Rc2 64. Rxh6 Ke6 65. Rhh8 Rdd2
66. Rxa6+ Kf5 67. g4+ Kxg4 68. Rxf6 Rd3 69. h6 Rg3+ 70. Kf1 Rc1+ 71. Ke2 Rxa3
72. Rd8 Rc2+ 73. Rd2 Rc4 74. h7 Rh3 75. Rf7 Re4+ 76. Kf1 Rf4 77. Rg7 1-0

[Event "Tegernsee - Porz"]
[Site "BL 0203"]
[Date "2002.11.16"]
[Round "3.5"]
[White "Gurevich, Mikhail"]
[Black "Teske, Henrik"]
[Result "1-0"]
[WhiteElo "2634"]
[BlackElo "2527"]
[PlyCount "71"]
[EventDate "2002.11.16"]

1. c4 e6 2. d4 d5 3. Nf3 Bb4+ 4. Bd2 Bxd2+ 5. Nbxd2 Nf6 6. g3 b6 7. Bg2 Bb7 8.
Ne5 O-O 9. O-O Nbd7 10. Nxd7 Qxd7 11. Qc2 Rab8 12. Rfd1 Rfc8 13. cxd5 Bxd5 14.
e4 Ba8 15. Nc4 c5 16. d5 exd5 17. exd5 Re8 18. Rd2 Bb7 19. Rad1 Ba6 20. d6 h5
21. Ne3 Re5 22. Nd5 Nxd5 23. Rxd5 Rxd5 24. Bxd5 Re8 25. h4 Be2 26. Rd2 Bb5 27.
Kh2 Bc6 28. Bxc6 Qxc6 29. Qd1 Rd8 30. d7 Qe6 31. a3 g6 32. Kg1 c4 33. Rd6 Qe5
34. Qd2 Qe7 35. Qd5 b5 36. Rxg6+ 1-0

[Event "Tegernsee - Porz"]
[Site "BL 0203"]
[Date "2002.11.16"]
[Round "3.6"]
[White "Hertneck, Gerald"]
[Black "Hansen, Curt"]
[Result "1/2-1/2"]
[WhiteElo "2502"]
[BlackElo "2610"]
[PlyCount "81"]
[EventDate "2002.11.16"]

1. c4 Nf6 2. Nc3 e6 3. Nf3 d5 4. d4 Nbd7 5. cxd5 exd5 6. Bf4 c6 7. e3 Nh5 8.
Bg5 Be7 9. Bxe7 Qxe7 10. Qc2 Nb6 11. Ne5 g6 12. g4 Ng7 13. h3 f6 14. Nd3 Bd7
15. Nc5 Ne6 16. Nxd7 Qxd7 17. h4 O-O-O 18. O-O-O Kb8 19. h5 g5 20. h6 Nc7 21.
Bd3 Nb5 22. Nxb5 cxb5 23. Kb1 Nc4 24. Qe2 a6 25. Rc1 Qe7 26. Rc2 Rc8 27. Rhc1
a5 28. Ka1 a4 29. e4 Rhe8 30. exd5 Qb4 31. Qd1 Nxb2 32. Rxc8+ Rxc8 33. Rxc8+
Kxc8 34. Qc1+ Nc4 35. Bxh7 Kb8 36. Bg6 Na3 37. h7 Qxd4+ 38. Qb2 Qd1+ 39. Bb1
Nxb1 40. h8=Q+ Ka7 41. Qxb1 1/2-1/2